Problemas del proceso penal: investigación, etapa intermedia y procedimientos especiales.
Salvato in:
| Autore principale: | |
|---|---|
| Natura: | Libro |
| Lingua: | spagnolo |
| Pubblicazione: |
Santiago, Chile:
Librotecnia,
2009.
|
| Soggetti: | |
| Tags: |
Aggiungi Tag
Nessun Tag, puoi essere il primo ad aggiungerne!!
|
MARC
| LEADER | 00000nam a2200000 a 4500 | ||
|---|---|---|---|
| 001 | UCH8620 | ||
| 003 | CL-VaPUC | ||
| 005 | 20220920171445.0 | ||
| 008 | 091203e20090000CL |||||||||||||||||spa|d | ||
| 999 | |c 338831 |d 338829 | ||
| 020 | |a 9789563270105 | ||
| 040 | |c Pontificia Universidad Católica de Valparaíso | ||
| 082 | 0 | 4 | |a 347.07 SAL 2009 |2 21 |
| 100 | 0 | |a Salas Astraín, Jaime |e autor |9 545298 | |
| 245 | 1 | 0 | |a Problemas del proceso penal: investigación, etapa intermedia y procedimientos especiales. |
| 260 | |a Santiago, Chile: |b Librotecnia, |c 2009. | ||
| 300 | |a 423 páginas. | ||
| 500 | |a c2. Donación Profesor Guillermos Oliver C. Memo DER 033. 12/09/2022 | ||
| 583 | |a last modification |c 20091203 00:00:00 |k Rodrigo Vera | ||
| 650 | 0 | |a Derecho procesal penal |9 255496 | |
| 650 | 0 | |a Código de procedimiento penal |2 CL-VaPUC |9 861377 | |
| 650 | 0 | |a Juicio penal |2 CL-VaPUC |9 505440 | |
| 650 | 0 | |a Formalización de la investigación |2 CL-VaPUC |9 545299 | |
| 650 | 0 | |a Jueces de garantía |2 CL-VaPUC |9 498803 | |
| 650 | 0 | |a Control de identidad |2 CL-VaPUC |9 523787 | |
| 650 | 0 | |a Procedimiento abreviado |2 CL-VaPUC |9 545300 | |
| 650 | 0 | |a Nulidad de la sentencia |2 CL-VaPUC |9 545301 | |
| 650 | 0 | |a Prisión preventiva |2 CL-VaPUC |9 257600 | |
| 942 | |c BK |2 ddc | ||
| 945 | |d 20091203 00:00:00 |a rbrito | ||
| 952 | |0 0 |1 0 |4 0 |6 347_070000000000000_SAL_2009 |7 0 |8 A |9 431970 |a BIBDER |b BIBDER |d 2019-11-22 |i 4624041 |o 347.07 SAL 2009 |p 4624041 |r 2019-11-22 |w 2019-11-22 |y BK |k DER | ||
| 952 | |0 0 |1 0 |2 ddc |4 0 |6 347_070000000000000_SAL_2009 |7 0 |8 A |9 586758 |a BIBDER |b BIBDER |c GEN |d 2022-09-20 |e Donación |i 5654748 |l 1 |o 347.07 SAL 2009 |p 5654748 |r 2023-01-25 |s 2022-11-16 |t 2 |w 2022-09-20 |y BK |k DER | ||